Derechos humanos de la mujer /

Gespeichert in:
Bibliographische Detailangaben
1. Verfasser: Cerma, Carolina
Format: Text
Schlagworte:
Tags: Tag hinzufügen
Keine Tags, Fügen Sie den ersten Tag hinzu!

MARC

LEADER 00000 a a2200000 04500
001 12501
003
040
100 |a Cerma, Carolina  
245 |a Derechos humanos de la mujer /  |c Carolina Cerma 
650 |a MUJERES  
650 |a DISCRIMINACION  
650 |a IGUALDAD DE GENERO  
650 |a DERECHOS HUMANOS  
650 |a AMERICA LATINA  
773 |g volumen 8, número 30; páginas 4-6  
999 |c 25281  |d 25281